000 01275cam a2200325 a 4500
999 _c4072
_d4072
001 13220327
003 Nust
005 20180723070708.0
008 010316s2001 enk 000 1 eng
010 _a 2003447717
020 _a9780143066392 (pbk.)
_cRs. 476
035 _a(UkLWHE)b000104746
038 _aArshad
040 _aDLC
_cDLC
_dDLC
042 _apcc
050 0 0 _aPR6103.H36548
_bM57 2001
082 0 0 _a823.92
_bCHA
100 1 _aChandraratna, Bandula.
_911943
245 1 0 _aMirage /
_cBandula Chandraratna.
260 _aLondon :
_bPhoenix,
_c2001.
300 _a214 p. ;
_c20 cm.
500 _aOriginally published: Oundle : Serendip Publishers, 1998.
500 _a"Revised edition published in 2000"--T.p. verso.
650 0 _aVillage communities
_zIslamic countries
_vFiction.
_911944
856 4 2 _3Publisher description
_uhttp://www.loc.gov/catdir/description/orion051/2003447717.html
856 4 2 _3Contributor biographical information
_uhttp://www.loc.gov/catdir/bios/orion051/2003447717.html
906 _a7
_bcbc
_corigres
_d3
_encip
_f20
_gy-gencatlg
942 _2ddc
_cBK